Unscramble the Zodiac Signs - Statistics

General Stats
  • This quiz has been taken 88 times
  • The average score is 10 of 12
Answer Stats
Answer % Correct
leo
97%
scorpio
91%
virgo
89%
aquarius
88%
gemini
88%
libra
88%
capricorn
87%
cancer
84%
sagittarius
84%
taurus
84%
aries
82%
pisces
82%
No matching quizzes found
Score Distribution
Percent of People with Each Score
Percentile by Number Answered
Your Score History
You have not taken this quiz